Physiotherapy in Obstetrics and Gynaecology (Record no. 3496)

MARC details
000 -LEADER
fixed length control field 00620nam a22002297a 4500
003 - CONTROL NUMBER IDENTIFIER
control field OSt
005 - DATE AND TIME OF LATEST TRANSACTION
control field 20160413131622.0
008 - FIXED-LENGTH DATA ELEMENTS--GENERAL INFORMATION
fixed length control field 160413b xxu||||| |||| 00| 0 eng d
020 ## - INTERNATIONAL STANDARD BOOK NUMBER
International Standard Book Number 0750622652
040 ## - CATALOGING SOURCE
Transcribing agency DNLM
082 ## - DEWEY DECIMAL CLASSIFICATION NUMBER
Classification number WB460 P569j 2004
100 ## - MAIN ENTRY--PERSONAL NAME
Personal name Mantle, Jill; Haslam, Jeanette
9 (RLIN) 7815
245 ## - TITLE STATEMENT
Title Physiotherapy in Obstetrics and Gynaecology
250 ## - EDITION STATEMENT
Edition statement 2nd ed.
260 ## - PUBLICATION, DISTRIBUTION, ETC. (IMPRINT)
Place of publication, distribution, etc. Edinbugh; Butterworth, 2004
300 ## - PHYSICAL DESCRIPTION
Extent xxiii,489p; ill: 25cm
504 ## - BIBLIOGRAPHY, ETC. NOTE
Bibliography, etc Appendix, & index included
650 ## - SUBJECT ADDED ENTRY--TOPICAL TERM
Topical term or geographic name as entry element Physiotherapy
9 (RLIN) 1959
650 ## - SUBJECT ADDED ENTRY--TOPICAL TERM
Topical term or geographic name as entry element Obstetrics
9 (RLIN) 5
650 ## - SUBJECT ADDED ENTRY--TOPICAL TERM
Topical term or geographic name as entry element Gynaecology
9 (RLIN) 330
942 ## - ADDED ENTRY ELEMENTS (KOHA)
Source of classification or shelving scheme Other/Generic Classification Scheme
Koha item type Open Shelf
Holdings
Withdrawn status Lost status Source of classification or shelving scheme Damaged status Not for loan Home library Current library Date acquired Source of acquisition Inventory number Total Checkouts Total Renewals Full call number Barcode Date last seen Date last checked out Koha item type Price effective from
    Other/Generic Classification Scheme     MUST Main Library MUST Main Library 13/04/2016   14/38182 3 1 WB460 P569j 2004 2016-0782 03/05/2017 10/03/2017 Open Shelf  
    Other/Generic Classification Scheme     MUST Main Library MUST Main Library 09/05/2016   14/38181     WB460 P569j 2004 2016-1627 09/05/2016   Short Loan  
    Other/Generic Classification Scheme     MUST Main Library MUST Main Library 30/01/2018   2017/40559     WB460 P569j 2004 2018-0059 30/01/2018   Open Shelf 30/01/2018